Integrated services over packet networks / (Record no. 183794)

000 -LEADER
fixed length control field 00870 a2200193 4500
003 - CONTROL NUMBER IDENTIFIER
control field NUST
005 - DATE AND TIME OF LATEST TRANSACTION
control field 20251119134616.0
040 ## - CATALOGING SOURCE
Transcribing agency Nust
082 ## - DEWEY DECIMAL CLASSIFICATION NUMBER
Classification number 621.382,IFT
100 ## - MAIN ENTRY--PERSONAL NAME
Personal name Iftikhar , Capt Hassan (TCC-16)
9 (RLIN) 131953
245 ## - TITLE STATEMENT
Title Integrated services over packet networks /
Statement of responsibility, etc. Capt Hassan Iftikhar , Capt Imran Haider , Capt Imran Javed and Capt Muhammad Naeem Khan
260 ## - PUBLICATION, DISTRIBUTION, ETC.
Place of publication, distribution, etc. Rawalpindi
Name of publisher, distributor, etc. MCS (NUST)
Date of publication, distribution, etc. 2008
300 ## - PHYSICAL DESCRIPTION
Extent 91 p.;
505 ## - FORMATTED CONTENTS NOTE
Formatted contents note Introduction (Page-8), A Telephony Revolution (Page-11), Preparing A System for Asterisk (Page-15), Asterisk (Page-25), Initial Configuration OS Asterisk (Page-38), Dialplan Basic (Page-49), Protocols (Page-73), Managing our Asterisk System (Page-82), References (Page-91).
650 ## - SUBJECT ADDED ENTRY--TOPICAL TERM
Topical term or geographic name entry element UG Projects
9 (RLIN) 98716
651 ## - SUBJECT ADDED ENTRY--GEOGRAPHIC NAME
Geographic name TCC-16
9 (RLIN) 131947
700 ## - ADDED ENTRY--PERSONAL NAME
Personal name Supervised by Maj Athar Mohsin Zaidi
9 (RLIN) 131954
942 ## - ADDED ENTRY ELEMENTS (KOHA)
Source of classification or shelving scheme
Koha item type Project Report
Holdings
Withdrawn status Lost status Source of classification or shelving scheme Damaged status Not for loan Permanent Location Current Location Shelving location Date acquired Full call number Barcode Date last seen Price effective from Koha item type Public note
          Military College of Signals (MCS) Military College of Signals (MCS) Reference 12/12/2016 621.382,IFT MCSPTC-99 12/08/2016 12/12/2016 Project Report Almirah No. 94, Shelf No. 2
© 2023 Central Library, National University of Sciences and Technology. All Rights Reserved.